'V' 'Y' 'Z' Countries Quiz Stats

 Plays Quiz not verified by Sporcle

Challenge
Share
Tweet
Embed
Score 0/7 Timer 02:00
0 Plays Today
% Correct
Zimbabwe
97.2%
Yemen
97.2%
Zambia
94.4%
Venezuela
84%
Vanuatu
76.2%
Vatican City
70.7%
Vietnam
62.9%

You're not logged in!

Compare scores with friends on all Sporcle quizzes.
OR
Log In

You Might Also Like...

Show Comments

Extras

Created Feb 8, 2010ReportNominate
Tags:Country Quiz

Top Quizzes Today


Score Distribution

Your Account Isn't Verified!

In order to create a playlist on Sporcle, you need to verify the email address you used during registration. Go to your Sporcle Settings to finish the process.

Report this User

Report this user for behavior that violates our Community Guidelines.

Details: